| 000 | nam a22 a 4500 | ||
|---|---|---|---|
| 999 |
_c181048 _d181048 |
||
| 003 | BLK | ||
| 005 | 20220325085237.0 | ||
| 008 | 180411b bul|||||r ||||||| ||bul|| | ||
| 010 | _aKNG00189940000 | ||
| 040 | _aBLK | ||
| 041 |
_aBUL _cBUL |
||
| 080 |
_aСпортни състезания. Рекорди _b796.09 _z796.09 |
||
| 100 | 1 |
_aБъчваров, Михаил Йорданов _eпърви автор _9381930 |
|
| 139 |
_aБъчваров, Михаил Йорданов _bБ 94 |
||
| 245 | 1 | 0 |
_aРазнообразие на специалната тренировка _bИзследване _cМихаил Йорданов Бъчваров. |
| 257 | _aBGR | ||
| 260 |
_aСофия _bМедицина и физкултура _c1982 |
||
| 300 |
_a128 с. _bсъс сх., табл. _c20 см |
||
| 380 | _a79 | ||
| 500 | _aБиблиогр. с. 123-126. - 1 515 тир. | ||
| 650 | 4 |
_aСпортна тренировка _9282573 |
|
| 653 | _aспорт | ||
| 653 | _aтренировки | ||
| 852 | _aЦб 113408 | ||
| 856 | 4 | _qpdf | |
| 856 | 4 | _qpdf | |
| 942 |
_cKNG _n0 _s1 |
||
| 944 |
_aCR _c19.08.2016 _kСевдалина_Василева |
||
| 944 |
_aED _c19.08.2016 _kСевдалина_Василева |
||
| 999 | _d181048 | ||